000 00255nam a2200109Ia 4500
008 201217s9999 xx 000 0 und d
100 _aKozyrev, Yu
245 0 _aIndustrial Robots Handbook
260 _aMoscow
_bMir Publishers
300 _a351
942 _cBK
999 _c7142
_d7142